<?xml version="1.0" encoding="UTF-8"?>
<record
    xmlns:xsi="http://www.w3.org/2001/XMLSchema-instance"
    xsi:schemaLocation="http://www.loc.gov/MARC21/slim http://www.loc.gov/standards/marcxml/schema/MARC21slim.xsd"
    xmlns="http://www.loc.gov/MARC21/slim">

  <leader>02985    a2200325   4500</leader>
  <controlfield tag="003">OSt</controlfield>
  <controlfield tag="005">20180116192356.0</controlfield>
  <controlfield tag="008">120606t        xxu||||| |||| 00| 0 eng d</controlfield>
  <datafield tag="010" ind1=" " ind2=" ">
    <subfield code="a">  2009014431</subfield>
  </datafield>
  <datafield tag="020" ind1=" " ind2=" ">
    <subfield code="a">9781592535484</subfield>
  </datafield>
  <datafield tag="020" ind1=" " ind2=" ">
    <subfield code="a">1592535488</subfield>
  </datafield>
  <datafield tag="035" ind1=" " ind2=" ">
    <subfield code="a">(OCoLC)ocn316018273</subfield>
  </datafield>
  <datafield tag="040" ind1=" " ind2=" ">
    <subfield code="c">0</subfield>
  </datafield>
  <datafield tag="082" ind1="0" ind2="0">
    <subfield code="a">745.40711</subfield>
  </datafield>
  <datafield tag="100" ind1="1" ind2=" ">
    <subfield code="a">Heller, Steven.</subfield>
    <subfield code="9">4053</subfield>
  </datafield>
  <datafield tag="245" ind1="1" ind2="0">
    <subfield code="a">Design school confidential :</subfield>
    <subfield code="b">extraordinary class projects from international design schools /</subfield>
    <subfield code="c">Steven Heller &amp; Lita Talarico.</subfield>
  </datafield>
  <datafield tag="246" ind1="3" ind2="0">
    <subfield code="a">Extraordinary class projects from international design schools</subfield>
  </datafield>
  <datafield tag="260" ind1=" " ind2=" ">
    <subfield code="a">Beverly, Mass. :</subfield>
    <subfield code="b">Rockport Publishers,</subfield>
    <subfield code="c">c2009.</subfield>
  </datafield>
  <datafield tag="300" ind1=" " ind2=" ">
    <subfield code="a">224 p. :</subfield>
    <subfield code="b">ill. (chiefly col.) ;</subfield>
    <subfield code="c">26 cm.</subfield>
  </datafield>
  <datafield tag="505" ind1="0" ind2=" ">
    <subfield code="a">Introduction the gold standard -- Anatomy of a successful project -- The projects -- Helvetica nation -- VCUQatar 10th anniversary publications -- Cradle to grave -- Visual identity for the 25th biennial of graphic arts in Ljubljana -- On trial -- Product identity -- Locale -- Turning data into information -- Sacral design -- New identity for the academy of fine arts of Bologna -- Boston and Suzhou: a cultural concept book study -- Water, politics, and hope -- Town of split workshop -- My first political poster design: Chile, the other September 11th -- To die for -- South African stories -- The formal language of a display typeface -- Visualizing various information types across multiple channels -- X box -- Breaking the rules in interactive media design -- Medical information design -- Human rights, human wrongs -- Illustrating a fiction spread -- Prague souvenirs -- User-centered communication -- Creating meaningful graphics -- Make a chair -- Books for travel -- Collage poster workshop -- Research project -- Undaunted courage -- Development of type families for magazines -- Type as metaphor -- Horsepower -- What happened? -- Think: the credibility of information in the digital age -- Listen carefully -- Interactive music or musician's website -- Beyond the surface -- Pattern magazine -- Color y carnaval -- The transparent cover -- Reading the urban landscape -- Comic sequence -- Senior degree project in graphic design -- Modular type -- Communication design program -- Major design project -- Graphic design with any media -- The one -- Stop global warming -- Ways of seeing (sequential image making) -- Beatrice Warde and you.</subfield>
  </datafield>
  <datafield tag="650" ind1="1" ind2="0">
    <subfield code="a">Graphic arts</subfield>
    <subfield code="y">21st century.</subfield>
    <subfield code="9">4054</subfield>
  </datafield>
  <datafield tag="650" ind1="1" ind2="0">
    <subfield code="a">Design</subfield>
    <subfield code="x">History</subfield>
    <subfield code="y">21st century.</subfield>
    <subfield code="9">4055</subfield>
  </datafield>
  <datafield tag="650" ind1="1" ind2="0">
    <subfield code="a">Graphic arts</subfield>
    <subfield code="x">Study and teaching (Higher)</subfield>
    <subfield code="9">4056</subfield>
  </datafield>
  <datafield tag="650" ind1="1" ind2="0">
    <subfield code="a">Design</subfield>
    <subfield code="x">Study and teaching (Higher)</subfield>
    <subfield code="9">4057</subfield>
  </datafield>
  <datafield tag="700" ind1="1" ind2=" ">
    <subfield code="a">Talarico, Lita.</subfield>
    <subfield code="9">4058</subfield>
  </datafield>
  <datafield tag="856" ind1="4" ind2="2">
    <subfield code="3">Contributor biographical information</subfield>
    <subfield code="u">http://www.loc.gov/catdir/enhancements/fy0910/2009014431-b.html</subfield>
  </datafield>
  <datafield tag="856" ind1="4" ind2="2">
    <subfield code="3">Publisher description</subfield>
    <subfield code="u">http://www.loc.gov/catdir/enhancements/fy0910/2009014431-d.html</subfield>
  </datafield>
  <datafield tag="942" ind1=" " ind2=" ">
    <subfield code="a">SADA</subfield>
    <subfield code="c">BK</subfield>
    <subfield code="k">745.40711 HEL 2009</subfield>
    <subfield code="2">ddc</subfield>
  </datafield>
  <datafield tag="999" ind1=" " ind2=" ">
    <subfield code="c">353118</subfield>
    <subfield code="d">353118</subfield>
  </datafield>
  <datafield tag="952" ind1=" " ind2=" ">
    <subfield code="0">0</subfield>
    <subfield code="1">0</subfield>
    <subfield code="2">ddc</subfield>
    <subfield code="4">0</subfield>
    <subfield code="7">0</subfield>
    <subfield code="a">SADA</subfield>
    <subfield code="b">SADA</subfield>
    <subfield code="d">2011-06-03</subfield>
    <subfield code="l">8</subfield>
    <subfield code="m">3</subfield>
    <subfield code="o">745.40711 HEL 2009</subfield>
    <subfield code="p">SADA0001161</subfield>
    <subfield code="r">2025-12-31</subfield>
    <subfield code="s">2024-11-15</subfield>
    <subfield code="t">01</subfield>
    <subfield code="v">2773.00</subfield>
    <subfield code="w">2011-08-05</subfield>
    <subfield code="y">BK</subfield>
  </datafield>
  <datafield tag="952" ind1=" " ind2=" ">
    <subfield code="0">0</subfield>
    <subfield code="1">0</subfield>
    <subfield code="2">ddc</subfield>
    <subfield code="4">0</subfield>
    <subfield code="7">0</subfield>
    <subfield code="a">SADA</subfield>
    <subfield code="b">SADA</subfield>
    <subfield code="d">2011-06-03</subfield>
    <subfield code="l">16</subfield>
    <subfield code="m">9</subfield>
    <subfield code="o">745.40711 HEL 2009</subfield>
    <subfield code="p">SADA0001162</subfield>
    <subfield code="r">2025-06-02</subfield>
    <subfield code="s">2025-04-16</subfield>
    <subfield code="t">02</subfield>
    <subfield code="v">2773.00</subfield>
    <subfield code="w">2011-08-05</subfield>
    <subfield code="y">BK</subfield>
  </datafield>
</record>
